Разработка контура управления током плазмы ТОКАМАКА КТМ; Университетская научно-практическая отчетная конференция студентов и молодых ученых; 14-16 мая 2003, г. Томск

Bibliografske podrobnosti
Parent link:Университетская научно-практическая отчетная конференция студентов и молодых ученых; 14-16 мая 2003, г. Томск.— 2003.— С. 19-20
Glavni avtor: Байструков К. И. Константин Иванович
Drugi avtorji: Солдатов Я. Б.
Jezik:ruščina
Izdano: 2003
Teme:
Format: MixedMaterials Book Chapter
KOHA link:https://koha.lib.tpu.ru/cgi-bin/koha/opac-detail.pl?biblionumber=107886

MARC

LEADER 00000naa2a2200000 4500
001 107886
005 20231031115434.0
035 |a (RuTPU)RU\TPU\book\116476 
090 |a 107886 
100 |a 20070109d2003 k y0rusy50 ca 
101 0 |a rus 
102 |a RU 
200 1 |a Разработка контура управления током плазмы ТОКАМАКА КТМ  |f К. И. Байструков, Я. Б. Солдатов 
463 0 |0 (RuTPU)RU\TPU\book\62675  |y 5-98298-044-7  |t Университетская научно-практическая отчетная конференция студентов и молодых ученых; 14-16 мая 2003, г. Томск  |o сборник тезисов  |f Томский политехнический университет. Физико-технический факультет  |v С. 19-20  |d 2003  |p 58 с. 
610 1 |a ТОКАМАКИ 
610 1 |a плазма 
610 1 |a управление 
610 1 |a плазменные разряды 
610 1 |a труды учёных ТПУ 
700 1 |a Байструков  |b К. И.  |c физик  |c старший преподаватель Томского политехнического университета  |f 1966-  |g Константин Иванович  |2 stltpush  |3 (RuTPU)RU\TPU\pers\27825 
701 1 |a Солдатов  |b Я. Б. 
801 1 |a RU  |b 63413507  |c 20070109  |g PSBO 
801 2 |a RU  |b 63413507  |c 20160627  |g RCR 
942 |c BK